[Event "Lesa Lago Maggiore op"]
[Site "Lesa"]
[Date "2023.05.05"]
[Round "1"]
[White "Taverna, Marta"]
[Black "Ricciardi, Arcangelo"]
[Result "0-1"]
[WhiteElo "1224"]
[BlackElo "1868"]
[PlyCount "48"]
[EventDate "2023.05.05"]
[EventType "swiss"]
[EventRounds "5"]
[EventCountry "ITA"]
[SourceTitle "EXT 2024"]
[Source "ChessBase"]
[SourceDate "2023.10.10"]
[SourceVersion "1"]
[SourceVersionDate "2023.10.10"]
[SourceQuality "1"]

1. d4 Nf6 2. c4 e6 3. Bg5 Be7 4. Nc3 d5 5. e3 0-0 6. Qb3 Nbd7 7. cxd5 exd5 8. Bd3 h6 9. Bh4 c6 10. Nge2 b5 11. 0-0 a5 12. Qc2 Ba6 13. Rac1 Re8 14. e4 dxe4 15. Nxe4 Nxe4 16. Bxe7 Qxe7 17. Rfe1 Qh4 18. g3 Qg4 19. Kg2 Ng5 20. Qxc6 Reb8 21. Nf4 Bb7 22. h3 Bxc6+ 23. Rxc6 Qf3+ 24. Kh2 Qxc6 0-1

[Event "Milan SSM July"]
[Site "Milan"]
[Date "2015.07.04"]
[Round "3"]
[White "Biava, Pierluigi"]
[Black "Ricciardi, Arcangelo"]
[Result "0-1"]
[WhiteElo "1588"]
[BlackElo "1766"]
[PlyCount "50"]
[EventDate "2015.07.02"]
[EventType "swiss"]
[EventRounds "5"]
[EventCountry "ITA"]
[SourceTitle "EXT 2024"]
[Source "ChessBase"]
[SourceDate "2023.10.10"]
[SourceVersion "1"]
[SourceVersionDate "2023.10.10"]
[SourceQuality "1"]

1. c4 e5 2. Nc3 Nf6 3. e3 Nc6 4. Be2 d5 5. cxd5 Nxd5 6. a3 Nxc3 7. bxc3 Qg5 8. g3 Be7 9. h4 Qf6 10. Bb2 Be6 11. Qc2 0-0-0 12. Nf3 Bg4 13. Nd4 Bxe2 14. Nxe2 Qf3 15. Rf1 Kb8 16. Rb1 Rhe8 17. Ng1 Qg4 18. Bc1 e4 19. Qb3 b6 20. Ne2 Ne5 21. a4 Nf3+ 22. Kd1 Qh3 23. Re1 Nxe1 24. Kxe1 Qh1+ 25. Ng1 Qxg1+ 0-1

[Event "Milan Expo op"]
[Site "Milan"]
[Date "2015.06.20"]
[Round "1"]
[White "Ricciardi, Arcangelo"]
[Black "D'Avino, Gianfranco"]
[Result "1-0"]
[WhiteElo "1786"]
[BlackElo "2102"]
[PlyCount "51"]
[EventDate "2015.06.20"]
[EventType "swiss"]
[EventRounds "9"]
[EventCountry "ITA"]
[SourceTitle "CBM 167 Extra"]
[Source "ChessBase"]
[SourceDate "2015.09.14"]
[SourceVersion "1"]
[SourceVersionDate "2015.09.14"]
[SourceQuality "1"]

1. e4 e6 2. d4 d5 3. Nc3 Bb4 4. Bd2 dxe4 5. Nxe4 Qxd4 6. Nc3 Nf6 7. Nf3 Qd8 8. Bd3 0-0 9. 0-0 b6 10. Ne4 Bxd2 11. Qxd2 Bb7 12. Nxf6+ Qxf6 13. Ng5 g6 14. b3 Rd8 15. Qe3 Nd7 16. Qg3 Nc5 17. h4 h6 18. Nh3 Nxd3 19. cxd3 Qf5 20. Rfd1 Rd4 21. f4 Rad8 22. Rac1 Rxd3 23. Rxd3 Rxd3 24. Qf2 Qg4 25. Kh2 Rg3 26. Qxg3 1-0

[Event "Biella Vercelli Province-ch"]
[Site "Biella"]
[Date "2015.03.07"]
[Round "3"]
[White "Bozio, Stefano"]
[Black "Ricciardi, Arcangelo"]
[Result "0-1"]
[WhiteElo "1573"]
[BlackElo "1745"]
[PlyCount "82"]
[EventDate "2015.03.06"]
[EventType "swiss"]
[EventRounds "5"]
[EventCountry "ITA"]
[SourceTitle "EXT 2017"]
[Source "ChessBase"]
[SourceDate "2016.10.25"]
[SourceVersion "1"]
[SourceVersionDate "2016.10.25"]
[SourceQuality "1"]

1. e4 e5 2. Nf3 Nc6 3. Bc4 Bc5 4. Nc3 Nf6 5. d3 d6 6. Be3 Bxe3 7. fxe3 Bg4 8. Qe2 Na5 9. Bb3 Nxb3 10. axb3 c6 11. h3 Bd7 12. Qf2 0-0 13. 0-0 Qe7 14. Ne2 Nh5 15. c4 f5 16. exf5 e4 17. dxe4 Qxe4 18. Nfd4 c5 19. Nc3 Qe5 20. Nf3 Qxf5 21. g4 Qg6 22. Nd5 Rf7 23. Nh4 Rxf2 24. Ne7+ Kf7 25. Rxf2+ Qf6 26. Rxf6+ Nxf6 27. Nef5 Bxf5 28. Nxf5 Ne4 29. Rd1 Rd8 30. Kg2 g6 31. Ng3 Nxg3 32. Kxg3 g5 33. Rd5 h6 34. e4 Ke6 35. h4 Rg8 36. h5 Rf8 37. Rf5 Rf7 38. Kf3 b5 39. Ke3 Rb7 40. Kd3 bxc4+ 41. Kxc4 Rb4+ 0-1